000 03255cam a2200373 a 4500
001 15004222
005 20170105102914.0
008 070912s2008 nyu b 001 0 eng
010 _a 2007036569
020 _a9780374272104 (alk. paper)
020 _a0374272107 (alk. paper)
035 _a(OCoLC)ocn166378239
035 _a(OCoLC)166378239
040 _aDLC
_cDLC
_dBTCTA
_dBAKER
_dYDXCP
_dUPZ
_dC#P
_dBUR
_dDLC
050 0 0 _aHM1263
_b.R68 2008
082 0 0 _a305.5/2
_222
100 1 _aRothkopf, David J.
_q(David Jochanan),
_d1955-
245 1 0 _aSuperclass :
_bthe global power elite and the world they are making /
_cDavid Rothkopf.
250 _a1st ed.
260 _aNew York :
_bFarrar, Straus and Giroux,
_c2008.
300 _axxii, 376 p. ;
_c24 cm.
504 _aIncludes bibliographical references (p. [325]-355) and index.
505 0 _aIntroduction: The power élite on the promenade -- Each one is one in a million : meet the superclass -- Ceteris non paribus : inequality, backlash, and the New Order -- Lessons of history : the rise and fall of élites -- The multinational moment : when finance and business became the center of it all -- Globalists vs. nationalists : political fault line for a new century -- The Age of Asymmetry : decline of the titans and the rise of shadow warriors -- The information superclass : the power of ideas -- How to become a member of the superclass : myth, reality, and the psychopathology of success -- The future of the superclass--and what it may mean for the rest of us.
520 _aThey number six thousand on a planet of six billion. They run our governments, our largest corporations, the powerhouses of international finance, the media, world religions, and, from the shadows, the world's most dangerous criminal and terrorist organizations. They are the global superclass, and they are shaping the history of our time. Today's superclass has achieved unprecedented levels of wealth and power. They have globalized more rapidly than any other group. But do they have more in common with one another than with their own countrymen, as nationalist critics have argued? Has their influence fed the growing economic and social inequity that divides the world? Who sets the rules for a group that operates beyond national laws? Drawn from exclusive interviews and extensive original reporting, this book draws back the curtain on a privileged society that most of us know little about, even though it profoundly affects our lives.--From publisher description.
650 0 _aElite (Social sciences)
650 0 _aPower (Social sciences)
856 4 1 _3Table of contents only
_uhttp://www.loc.gov/catdir/toc/ecip0727/2007036569.html
856 4 2 _3Publisher description
_uhttp://www.loc.gov/catdir/enhancements/fy0801/2007036569-d.html
856 4 2 _3Contributor biographical information
_uhttp://www.loc.gov/catdir/enhancements/fy0801/2007036569-b.html
856 4 1 _3Sample text
_uhttp://www.loc.gov/catdir/enhancements/fy0828/2007036569-s.html
906 _a7
_bcbc
_corignew
_d1
_eecip
_f20
_gy-gencatlg
942 _2ddc
_cBK
999 _c15264
_d15264